Metodologa̕ y tčnicas de investigacin̤ criminolg̤ica Reglas bs̀icas en la redaccin̤ de textos /

Detalles Bibliográficos
Autor principal: Hikal Carren̤, Wael Sarwat
Formato: eBook
Lenguaje:español
Publicado: [Mx̌ico] : Editorial Porra︢, 2011.
Materias:
Acceso en línea:Acceso restringido

MARC

LEADER 00000nam a22000007a 4500
005 20110824145026.0
008 110824t2011 mx |s|||| 00| 0 spa d
020 |a 978-607-09-0800-2  
035 |a 5722 
040 |a vLex 
090 |c 2264  |d 2264 
100 1 |a Hikal Carren̤, Wael Sarwat 
245 1 0 |a Metodologa̕ y tčnicas de investigacin̤ criminolg̤ica  |b Reglas bs̀icas en la redaccin̤ de textos /  |c Wael Sarwat Hikal Carren̤  |h [Recurso electrn̤ico] : 
256 |a Servicio en ln̕ea. 
260 |a [Mx̌ico] :  |b Editorial Porra︢,  |c 2011. 
500 |a La situacin̤ actual de la criminalidad requiere de soluciones prc̀ticas, a corto y largo plazo. Por el lado cientf̕ico-acadm̌ico, la Criminologa̕ se estanc ̤en una redundancia de autores y teora̕s antes las cuales las nuevas generaciones de criminl̤ogos exigen respuestas distintas a las cls̀icas. Si bien, lo cls̀ico es la base de todo, la renovacin̤ cientf̕ica es un proceso natural, que ir ̀corrigiendo errores y mejorando teora̕s. Asimismo, la falta de conocimiento, capacidad y tiempo de quienes dirigen la formacin̤ de profesionistas, ha terminado por demeritar a las escuelas y a los alumnos.  
506 1 |a Contenido solo disponible en los productos indicados  |d vLex Global  |d vLex Global (Academic Edition, excluding Law Schools)  |d vLex Global (U.S. Academic Edition, Law Schools)  |d vLex Global (U.S. Academic Edition, excluding Law Schools)  |d vLex Global (Academic Edition, Law Schools) 
650 0 4 |a Criminologa̕ 
740 0 |a vLex Libros (Servicio en ln̕ea) 
856 4 0 |u http://vlex.com/source/5722  |z Acceso restringido 
942 |c BOOK